Die CSFR auf dem Weg zur Marktwirtschaft: Chancen für Österreich (Record no. 6059)

MARC details
000 -LEADER
fixed length control field 00574nam a22001937i 4500
001 - CONTROL NUMBER
control field 6494
003 - CONTROL NUMBER IDENTIFIER
control field OSt
005 - DATE AND TIME OF LATEST TRANSACTION
control field 20181105103758.0
007 - PHYSICAL DESCRIPTION FIXED FIELD--GENERAL INFORMATION
fixed length control field tu
008 - FIXED-LENGTH DATA ELEMENTS--GENERAL INFORMATION
fixed length control field 161220s1991 xxu||||| |||| 00| 0 d
024 7# - OTHER STANDARD IDENTIFIER
Standard number or code 6494
Source of number or code RID
024 7# - OTHER STANDARD IDENTIFIER
Standard number or code 6494
Source of number or code RSN (alt)
040 ## - CATALOGING SOURCE
Transcribing agency OSt
100 1# - MAIN ENTRY--PERSONAL NAME
Personal name Stankovsky, Jan
245 00 - TITLE STATEMENT
Title Die CSFR auf dem Weg zur Marktwirtschaft: Chancen für Österreich
Remainder of title Vortrag anlässlich des Wirtschaftsforums Podebrady
260 ## - PUBLICATION, DISTRIBUTION, ETC.
Place of publication, distribution, etc. Wien :
Name of publisher, distributor, etc. Österreichisches Institut für Wirtschaftsforschung (WIFO),
Date of publication, distribution, etc. 1991.
490 ## - SERIES STATEMENT
Series statement WIFO Vorträge
Volume/sequential designation 51
942 ## - ADDED ENTRY ELEMENTS (KOHA)
Koha item type Paper
Holdings
Withdrawn status Lost status Damaged status Not for loan Home library Current library Shelving location Date acquired Inventory number Total Checkouts Barcode Date last seen Price effective from Koha item type
        WIIW WIIW Library 08/04/2004 6494   10001990 01/26/2017 01/26/2017 Paper
The Vienna Instiute for International Economic Studies (wiiw)